000 00589nam a2200205Ia 4500
005 20250508151207.0
008 008 250505s9999 xx 000 0 eng d
037 _aTextual
040 _aFEDL
_beng
_cFEDL
041 _aeng
_2eng
084 _a371.3, STU
_qFEDL
100 _aSturt Mary
_980605
245 0 _aMatter and method in education
260 _aLondon, UK
_bKegan Paul, Trench, Trubner and Co Ltd
_c1941
300 _aix,302p
650 _aTeaching Technique
700 _a Oakden Ellen C
_9758633
942 _cTEXL
_h371.3, STU
999 _c1328163
_d1328163